Tilastot visalle Kirkot Euroopan Kaupunkeihin - Kuvavisa

Klikkaa tästä pelataksesi tätä visaa!

Yleistilastot

  • Tätä visaa on pelattu 54 kertaa
  • Keskiarvotulos 7 / 18

Vastaustilastot

Vastaus% Oikein
Helsinki
100%
Moskova
89%
Pietari
80%
Istanbul
77%
Köln
61%
Pariisi
61%
Barcelona
55%
Pariisi
34%
Berliini
32%
Lontoo
25%
Venetsia
25%
Reykjavik
18%
Kööpenhamina
9%
Krakova
9%
Wien
7%
Praha
5%
Belgrad
2%
Ronchamp
0%

Tulosjakauma

Persentiili vastausten määrän mukaan

Jokaisen tuloksen saaneiden osuus

Tuloshistoriasi

Et ole pelannut tätä visaa